| 000 | 005470000a22001810004500 | ||
|---|---|---|---|
| 090 |
_aAR _b01273 |
||
| 245 | 1 | 0 | _aGenealogy of the new world nectar-feeding bats reexamined: a reply to griffiths |
| 650 | 1 | 4 |
_aCladística _912117 |
| 650 | 1 | 4 |
_aSistemática animal _992968 |
| 650 | 1 | 4 |
_aFilogenética _94310 |
| 650 | 1 | 4 |
_aMurciélagos _92659 |
| 653 | _fPhyllostomidae | ||
| 041 | 0 | _aInglés | |
| 700 | 1 |
_aHood, Graig S. _994553 |
|
| 100 | 1 |
_aSmith, James Dale _994552 |
|
| 942 | _cARTICULO | ||
| 773 | 1 |
_tSystematic Zoology _3466 _h4 _q435-460 _d1984 _g33 |
|
| 999 |
_c10358 _d10358 |
||